000 00754nam a2200193Ia 4500
003 LDD
008 190117s9999 xx 000 0 und d
020 _a9789383111411
_c₹250
040 _cLDD
041 _ahi
082 _a8H0.7 बे49203गे
100 _aबेनपुरी, श्रीरामवृक्ष
245 0 _aगेहूं और गुलाब
_b लाल तारा सतरंगा धनुश
_cश्रीरामवृक्ष बेनपुरी
260 _aनई दिल्ली
_bप्रभात प्रकाशन
_c2014
300 _a191p.
901 _aVANI
904 _aReqst by : Jitendra Kumar Srivasta
942 _2ddc
_cH
999 _c164953
_d164953